| Поле | Название | Значение |
| |
Тип записи |
a |
| |
Библиографический уровень |
m |
| 001 |
Контрольный номер |
LIBNET\0000896182 |
| 005 |
Дата корректировки |
20190623133833.5 |
| 010 |
Индекс ISBN |
__ |
| a |
ISBN |
978-5-699-98941-6 |
| b |
Уточнения |
в пер. |
| 9 |
Тираж |
5000 |
| d |
Цена |
1952-06 |
| 100 |
Данные общей обработки |
__ |
| a |
Данные общей обработки |
20180615d2018####u##y0rusy0189 ca |
| 101 |
Язык документа |
0_ |
| a |
Язык текста |
rus |
| c |
Язык оригинала |
eng |
| 102 |
Страна публикации |
__ |
| a |
Страна публикации |
RU |
| 105 |
Кодированные данные (монография) |
__ |
| a |
Кодированные данные (монография) |
a###z###001yy |
| 200 |
Заглавие и сведения об ответственности |
1_ |
| a |
Заглавие |
Йога |
| e |
Сведения, относящиеся к заглавию |
путь к абсолютному здоровью |
| e |
Сведения, относящиеся к заглавию |
[полное пошаговое руководство] |
| f |
Первые сведения об ответственности |
Б. К. С. Айенгар |
| g |
Последующие сведения об ответственности |
[перевод с английского А. А. Рудницкой] |
| 210 |
Выходные данные |
1_ |
| a |
Место издания |
Москва |
| c |
Издательство |
Э |
| d |
Дата издания |
2018 |
| 215 |
Физическое описание |
__ |
| a |
Объем |
431 с. |
| c |
Иллюстрации/тип воспроизводства |
ил. |
| d |
Формат |
28 |
| 225 |
Серия (Журнальная рубрика) |
1_ |
| a |
Серия (Журнальная рубрика) |
Йогалогия |
| 320 |
Библиография |
__ |
| a |
Библиография |
Алфавитный указатель: с. 428-431 |
| 330 |
Аннотация |
__ |
| a |
Аннотация |
Вам не нужно быть экспертом или обладать крепкой мускулатурой, чтобы практиковать асаны, описанные здесь. Используя несколько простых аксессуаров, вы сможете выполнять сложнейшие упражнения, постепенно переходя к ним без угрозы перенапряжения или получения травмы. Регулярная практика на основе знаний, полученных из данного издания, улучшит ваше самочувствие и укрепит внутреннюю силу тела. |
| 333 |
Примечание о целевом назначении |
__ |
| a |
Примечание о целевом назначении |
16+ |
| 454 |
Оригинал |
_0 |
| 1 |
|
700 1 |
| a |
|
Iyengar |
| b |
|
B. K. S. |
| 1 |
|
2001 |
| a |
|
Yoga: The Path to Holistic Health |
| f |
|
B. K. S. Iyengar |
| 1 |
|
2101 |
| a |
|
London |
| a |
|
New York |
| a |
|
Melbourne |
| c |
|
Dorling Kindersley Limited |
| d |
|
2014 |
| 606 |
Тематические рубрики |
1_ |
| 2 |
Код системы |
nlr_sh |
| 3 |
Контрольный № нормативной записи |
RU\NLR\AUTH\66248320 |
| a |
Основная рубрика |
Физическая культура и спорт |
| 606 |
Тематические рубрики |
__ |
| a |
Основная рубрика |
Гимнастика |
| 606 |
Тематические рубрики |
1_ |
| 2 |
Код системы |
nlr_sh |
| 3 |
Контрольный № нормативной записи |
RU\NLR\AUTH\66510542 |
| 610 |
Ключевые слова |
0_ |
| a |
Ключевые слова |
гимнастика йогов |
| a |
Ключевые слова |
йога |
| a |
Ключевые слова |
йогатерапия |
| a |
Ключевые слова |
асаны |
| a |
Ключевые слова |
философия йоги |
| 686 |
Индексы других классификаций |
__ |
| a |
Индекс ББК |
75.69 |
| v |
Номер издания |
LBC/M |
| 2 |
Код системы |
rubbk |
| 700 |
Автор |
_1 |
| 3 |
Контрольный № нормативной записи |
RU\NLR\AUTH\7716031 |
| a |
Фамилия |
Айенгар |
| b |
Имя |
Б. К. С. |
| f |
Даты |
1918- |
| g |
Полное личное имя |
Беллур Кришнамачар Сундараджа |
| 702 |
Вторичная интеллектуальная ответственность |
_1 |
| a |
Фамилия |
Рудницкая |
| b |
Имя |
А. А. |
| 4 |
Код отношения |
730 |
| 801 |
Источник записи |
_0 |
| a |
Страна |
RU |
| b |
Организация |
ГУНБ Красноярского края |
| c |
Дата составления |
20180615 |
| g |
Правила каталогизации |
rcr |
| 801 |
Источник записи |
_1 |
| a |
Страна |
RU |
| b |
Организация |
ГУНБ Красноярского края |
| c |
Дата составления |
20180615 |
| 2 |
Код формата |
rusmarc |
| 801 |
Источник записи |
_2 |
| a |
Страна |
RU |
| b |
Организация |
Центральная районная библиотека им. Г. А. Пирожникова |
| 830 |
Общее примечание каталогизатора |
__ |
| a |
Текст примечания |
325 |
| 852 |
Данные о местонахождении |
__ |
| j |
Шифр хранения |
75.69 |
| i |
Авторский знак |
А 36 |
| 901 |
Тип документа |
__ |
| t |
Тип документа |
m |
| 902 |
Роль лиц |
__ |
| b |
Редактор БЗ |
ОКиО/Струналь |